000 01283 a2200205 4500
001 53360
005 20260407155808.0
008 260407a1972 arg spa d
003 AR-UNSa-BCEJYS
040 _aAR-UNSa-BCEJYS
_bspa
_cAR-UNSa-BCEJYS
080 _a330.123.4
_xBienes de consumo (consumibles)
245 1 0 _aGeografía del consumo
264 1 _aBarcelona :
_bOikos-tau
_c1972
300 _a118 p.
_c17 cm.
505 _aPrimera parte: Geografía del subconsumo - I. La obsesión de las necesidades alimenticias - II. Los problemas del desarrollo del consumo - Segunda parte: Ciento cincuenta años de desarrollo del consumo - I. La evolución del consumo alimenticio - II. La multiplicación de las ofertas de productos industriales de consumo y uso - III. Consumo y prestaciones de servicio destinados a la protección y a la promoción individuales - IV. La influencia de la coyuntura y de las estructuras económicas,demográficas y sociales - Tercera parte: Geografía y sociología del consumo en los países más desarrollados - I. El consumo rural - II. El consumo urbano - III. Ojeada a la diversidad geográfica del consumo en los países industriales
041 _aspa
942 _cBK
590 _aniveau_biblio:m niveau_hierar:0
100 1 _aGeorge, Pierre
999 _c5215
_d5215